000 00418nam a22001697a 4500
999 _c3421
_d3421
003 OSt
005 20181113103330.0
008 181113b ||||| |||| 00| 0 eng d
040 _cDLC
082 _a248.4
_bO81H
100 _aOsborn, T.L.
245 _aHow To Enjoy Plenty /
_cBy T.L.Osborn.
260 _aUSA :
_bFaith Digest,
_cc1977.
300 _a219 p.:
651 _aFaith
_xHow To Enjoy Plenty
942 _2ddc
_cBK